Will Regional Spatial Strategies need regional transport powers? (Record no. 72485)

MARC details
000 -LEADER
fixed length control field 01482cam a2200253 4500
001 - CONTROL NUMBER
control field ABS66622
008 - FIXED-LENGTH DATA ELEMENTS--GENERAL INFORMATION
fixed length control field 030410n2003 000 0 eng u
035 ## - SYSTEM CONTROL NUMBER
System control number (Sirsi) u121962
100 ## - MAIN ENTRY--PERSONAL NAME
Personal name Lock, D.
245 ## - TITLE STATEMENT
Title Will Regional Spatial Strategies need regional transport powers?
260 ## - PUBLICATION, DISTRIBUTION, ETC.
Date of publication, distribution, etc. 2003
490 ## - SERIES STATEMENT
Series statement Town & Country Planning
Volume/sequential designation 72(2) February 2003, 53-54(2)
520 ## - SUMMARY, ETC.
Summary, etc. Reviews the development of regional land use and transport planning, highlighting the likely impact of regional spatial strategies. Provides a history of land use planning at a regional scale with reference to the Regional Strategic Guidance in the 1980s and the introduction of Regional Planning Guidance (RPG) and regional transport strategies in the 1990s. Outlines a number of major flaws in existing policy such as the lack of public participation and the problem of local politics. Explains the arrangements proposed in the Planning and Compulsory Purchase Bill whereby RPG will be renamed Regional Spatial Strategy' and will be prepared by a regional planning body. Also examines related proposals in the White Paper "Your region, your choice".
590 ## - LOCAL NOTE (RLIN)
Local note ABS
650 ## - SUBJECT ADDED ENTRY--TOPICAL TERM
Topical term or geographic name entry element TRANSPORT PLANNING
650 ## - SUBJECT ADDED ENTRY--TOPICAL TERM
Topical term or geographic name entry element ENGLISH REGIONS
650 ## - SUBJECT ADDED ENTRY--TOPICAL TERM
Topical term or geographic name entry element LAND USE PLANNING
650 ## - SUBJECT ADDED ENTRY--TOPICAL TERM
Topical term or geographic name entry element PLANNING AND COMPULSORY PURCHASE ACT 2004
650 ## - SUBJECT ADDED ENTRY--TOPICAL TERM
Topical term or geographic name entry element REGIONAL TRANSPORT STRATEGIES
650 ## - SUBJECT ADDED ENTRY--TOPICAL TERM
Topical term or geographic name entry element REGIONAL PLANNING GUIDANCE
650 ## - SUBJECT ADDED ENTRY--TOPICAL TERM
Topical term or geographic name entry element REGIONAL SPATIAL STRATEGIES
690 ## - LOCAL SUBJECT ADDED ENTRY--TOPICAL TERM (OCLC, RLIN)
Topical term or geographic name as entry element PLANNING
942 ## - ADDED ENTRY ELEMENTS (KOHA)
Suppress in OPAC 0
Holdings
Withdrawn status Lost status Source of classification or shelving scheme Damaged status Not for loan Home library Current library Shelving location Date acquired Total Checkouts Full call number Barcode Date last seen Copy number Price effective from Koha item type
    Dewey Decimal Classification     London London Journal article 10/04/2003   ABS66622 121962-1001 06/08/2019 1 06/08/2019 Journal article